| 000 | 00375pab a2200145 454500 | ||
|---|---|---|---|
| 008 | 180718b2001 xxu||||| |||| 00| 0 eng d | ||
| 100 | _aRao, K. Sudha | ||
| 245 | _aAccreditation and its beneficiaries in an affiliating context | ||
| 260 | _c2001 | ||
| 300 | _ap.59-61 | ||
| 362 | _a3 Sep | ||
| 650 | _aEducational assessment | ||
| 773 | _aUniversity News | ||
| 909 | _a49962 | ||
| 999 |
_c49962 _d49962 |
||